Normal view MARC view
  • Fahim, Maria

Entry Personal Name

Number of records used in: 1

001 - CONTROL NUMBER

  • control field: 122658

003 - CONTROL NUMBER IDENTIFIER

  • control field: NUST

005 - DATE AND TIME OF LATEST TRANSACTION

  • control field: 20240514155810.0

008 - FIXED-LENGTH DATA ELEMENTS

  • fixed length control field: 240514|| aca||aabn | a|a d

040 ## - CATALOGING SOURCE

  • Original cataloging agency: NUST
  • Transcribing agency: NUST

100 ## - HEADING--PERSONAL NAME

  • Personal name: Fahim, Maria

670 ## - SOURCE DATA FOUND

  • Source citation: Work cat.: (NUST): Fahim, Maria , Assessment of Stress Biomarkers in the Saliva of Smokers and Nonsmokers via UV Photospectrometry and POMS /
© 2023 Central Library, National University of Sciences and Technology. All Rights Reserved.